<?xml version="1.0" encoding="UTF-8"?>
<collection xmlns="http://www.loc.gov/MARC21/slim">
 <record>
  <leader>01550nam a2200217Ia 4500</leader>
  <controlfield tag="001">CTU_114690</controlfield>
  <controlfield tag="008">210402s9999    xx            000 0 und d</controlfield>
  <datafield tag="020" ind1=" " ind2=" ">
   <subfield code="c">15000</subfield>
  </datafield>
  <datafield tag="082" ind1=" " ind2=" ">
   <subfield code="a">370.9</subfield>
  </datafield>
  <datafield tag="082" ind1=" " ind2=" ">
   <subfield code="b">T513</subfield>
  </datafield>
  <datafield tag="100" ind1=" " ind2=" ">
   <subfield code="a">Phạm, Hồng Tung</subfield>
  </datafield>
  <datafield tag="245" ind1=" " ind2="0">
   <subfield code="a">Khảo lược về kinh nghiệm phát hiện, đào tạo và sử dụng nhân tài trong lịch sử Việt Nam</subfield>
  </datafield>
  <datafield tag="245" ind1=" " ind2="0">
   <subfield code="c">Phạm Hồng Tung</subfield>
  </datafield>
  <datafield tag="260" ind1=" " ind2=" ">
   <subfield code="a">Hà Nội</subfield>
  </datafield>
  <datafield tag="260" ind1=" " ind2=" ">
   <subfield code="b">Đại học Quốc gia Hà Nội</subfield>
  </datafield>
  <datafield tag="260" ind1=" " ind2=" ">
   <subfield code="c">2006</subfield>
  </datafield>
  <datafield tag="520" ind1=" " ind2=" ">
   <subfield code="a">Sách kể về nhân tài đất Việt thời dựng nước; sự hình thành tầng lớp tinh hoa bản địa trong thời kỳ Bắc thuộc; về việc đào tạo và sử dụng nhân tài trong buổi đầu xây dựng nhà nước quân chủ độc lập từ thế kỷ X đến thế kỷ XIV; những đóng góp và hạn chế của  Giáo dục Nho học và việc đào tạo, tuyển chọn nhân tài; Việc tuyển chọn và sử dụng nhân tài trong lịch sử Trung đại Trung đại Việt Nam; Quan niệm dân gian Việt Nam về nhân tài; Quan niệm mới về nhân tài  và đào tạo nhân tài ở Việt Nam từ cuối thế kỷ XIX - đầu thế kỷ XX ...</subfield>
  </datafield>
  <datafield tag="650" ind1=" " ind2=" ">
   <subfield code="a">Education</subfield>
  </datafield>
  <datafield tag="650" ind1=" " ind2=" ">
   <subfield code="x">historycal, geographic, persons treament</subfield>
  </datafield>
  <datafield tag="904" ind1=" " ind2=" ">
   <subfield code="i">Hiếu</subfield>
  </datafield>
  <datafield tag="980" ind1=" " ind2=" ">
   <subfield code="a">Trung tâm Học liệu Trường Đại học Cần Thơ</subfield>
  </datafield>
 </record>
</collection>
